00225nam a2200097Ia 4500008004100000082001900041100002300060245001600083260002000099600000800119241002s9999 xx 000 0 und d a704.948297 RIC aRice, David Talbot 0aIslamic Art aNew York:c1965 aArt